Entry Personal Name
Number of records used in: 1
001 - CONTROL NUMBER
003 - CONTROL NUMBER IDENTIFIER
005 - DATE AND TIME OF LATEST TRANSACTION
- control field:
20230915105729.0
008 - FIXED-LENGTH DATA ELEMENTS
- fixed length control field:
940616n| azannaabn |n aaa
010 ## - LIBRARY OF CONGRESS CONTROL NUMBER
- LC control number:
n 94058101
035 ## - SYSTEM CONTROL NUMBER
- System control number:
(OCoLC)oca03625338
040 ## - CATALOGING SOURCE
- Original cataloging agency:
DLC
- Language of cataloging:
eng
- Description conventions:
rda
- Transcribing agency:
DLC
- Modifying agency:
MoSpS-AV
- Modifying agency:
DLC
046 ## - SPECIAL CODED DATES
100 1# - HEADING--PERSONAL NAME
- Personal name:
Earle, Roger W.,
- Dates associated with a name:
1967-
670 ## - SOURCE DATA FOUND
- Source citation:
Baechle, T. Fitness weight training, c1995:
- Information found:
CIP t.p. (Roger W. Earle) data sheet (b. 3-2-67)
670 ## - SOURCE DATA FOUND
- Source citation:
Free weight and machine exercise techniques [VR] c1996:
- Information found:
end credits (directed by Roger Earle, M.A., CSCS, NSCA Certified Personal Trainer, Coordinator of Certification Education and Examination Development, NSCA Certification Commission)